000 00898nam a2200193 a 4500
008 060710s2005 ||||||||||||||||| || u
050 _aUN-ESCWA(02)
110 _aUnited Nations Economic and Social Commission for Western Asia (ESCWA)
245 1 0 _aReport on the twenty-third session, 9-12 May, 2005
246 _aeconomic and social council, official records:2005
260 _aNew York
_bUnited Nations Economic and Social Commission for Western Asia(UN-ESCWA)
_c2005
300 _a48p.
350 _a0.00
490 _aUnited Nations Economic and Social Commission for Western Asia
500 _asupplement no. 21
650 _aMILLENIUM DEVELOPMENT GOALS
650 _aECONOMIC DEVELOPMENT--SOCIAL ASPECTS
995 _D0.00
_FCBU-MAIN LIBRARY (Kitwe)
_H1
_I0.00
_M1
_UAVAILABLE
_WJul 10, 2006
_ZInternational Publications
999 _c56238
_d56238